Migliori marcatori in finale dei Mondiali - Statistics

Statistiche generali
  • Questo quiz è stato fatto 44 volte
  • Il punteggio medio è 6 su 12
Statistiche sulle risposte
Nazione Gol segnati Finali giocate Edizioni delle finali Giacatore % Corretto
Francia 4 2 2018, 2022 Kylian Mbappé
100%
Argentina 2 2 2014; 2022 Lionel Messi
95%
Brasile 3 2 1958; 1970 Pelé
95%
Francia 3 2 1998; 2006 Zinedine Zidane
95%
Brasile 2 2 1998; 2002 Ronaldo
92%
Italia 2 1 1938 Silvio Piola
32%
Argentina 2 1 1978 Mario Kempes
24%
Brasile 3 2 1958; 1962 Vavà
21%
Inghilterra 3 1 1966 Geoff Hurst
13%
Germania Ovest 2 2 1974, 1982 Paul Breitner
11%
Italia 2 1 1938 Gino Colaussi
3%
Germania Ovest 2 1 1954 Helmut Rahn
3%
Nessun quiz corrispondente trovato
Distribuzione punteggi
Percentuale di utenti per punteggio
Percentile per numero di risposta
I tuoi punteggi nel tempo
Non hai fatto questo quiz